[Event "Novi Sad ol (Men)"]
[Site "Novi Sad"]
[Date "1990.??.??"]
[Round "1"]
[White "Sunye Neto, Jaime"]
[Black "Greenfeld, Alon"]
[Result "1-0"]
[WhiteElo "2465"]
[BlackElo "2510"]

1.c4 Nf6 2.Nc3 c5 3.Nf3 e6 4.g3 b6 5.Bg2 Bb7 6.O-O Be7 7.d4 cxd4 8.Qxd4 d6
9.b3 Nbd7 10.Bb2 a6 11.Ng5 Bxg2 12.Kxg2 O-O 13.Rfd1 Qb8 14.Nge4 Rd8 15.Nxf6+ Nxf6
16.a4 Qb7+ 17.Kg1 Rac8 18.Rd2 Bf8 19.Rad1 h6 20.Qd3 Nd7 21.Qb1 Nf6 22.Rd4 Qa8
23.h3 Rd7 24.e4 Rcd8 25.Qc2 Qc6 26.Qe2 Qc5 27.Kh2 Qb4 28.R4d3 Qc5 29.f4 Be7
30.Qf3 Qc6 31.Kg2 Qa8 32.R1d2 Kf8 33.g4 Kg8 34.Ba3 Bf8 35.g5 hxg5 36.fxg5 Ne8
37.Bb2 g6 38.e5 Qc8 39.exd6 Rxd6 40.Ne4 Rxd3 41.Rxd3 Rxd3 42.Qxd3 Qc6 43.Kf1 Qc7
44.Qf3 Qd8 45.Ke2 a5 46.Qf4 Bg7 47.Bxg7 Kxg7 48.Qe5+ Kf8 49.c5 Ke7 50.cxb6 Qxb6
51.Qc5+ Qxc5 52.Nxc5 Nd6 53.Kd3 e5 54.b4 axb4 55.a5 e4+ 56.Nxe4 Nc8 57.Kc4 Kd7
58.Kxb4 Kc6 59.Kc4 Ne7 60.Kd4 Kb5 61.Ke5  1-0

[Event "Novi Sad ol (Men)"]
[Site "Novi Sad"]
[Date "1990.??.??"]
[Round "2"]
[White "Christiansen, Larry Mark"]
[Black "Nguyen Anh Dung"]
[Result "1-0"]
[WhiteElo "2595"]
[BlackElo "2205"]

1.c4 Nf6 2.Nc3 c5 3.Nf3 g6 4.d4 cxd4 5.Nxd4 Bg7 6.e4 O-O 7.Be2 Nc6 8.Be3 d6
9.O-O Bd7 10.Qd2 Rc8 11.f3 a6 12.Rac1 Ne5 13.b3 Qc7 14.h3 Qb8 15.f4 Nc6 16.Bf3 Rfd8
17.Qf2 Nb4 18.Rfd1 e5 19.Nde2 b5 20.Ba7 Qb7 21.Bb6 Re8 22.Rxd6 bxc4 23.bxc4 Rxc4
24.fxe5 Rxe5 25.Rb1 Qc8 26.Be3 Ne8 27.Rdd1 Bc6 28.Bf4 Rec5 29.Rxb4 Bxc3 30.Nxc3 Rxc3
31.Bg4 f5 32.Rb8 Qe6 33.exf5 gxf5 34.Bh5 R5c4 35.Rd6 Rc1+ 36.Kh2 Rxf4 37.Qg3+  1-0

[Event "Novi Sad ol (Men)"]
[Site "Novi Sad"]
[Date "1990.??.??"]
[Round "5"]
[White "Stohl, Igor"]
[Black "Valiente, Cristobal"]
[Result "1-0"]
[WhiteElo "2525"]
[BlackElo "2350"]

1.Nf3 Nf6 2.c4 c5 3.Nc3 e6 4.g3 b6 5.Bg2 Bb7 6.O-O Be7 7.d4 cxd4 8.Qxd4 d6
9.b3 Nbd7 10.Nb5 d5 11.cxd5 Bxd5 12.Qf4 O-O 13.Bb2 Bc6 14.Nbd4 Bd5 15.Rfd1 Qb8
16.Rac1 Qxf4 17.gxf4 Bd6 18.f5 Bc5 19.fxe6 fxe6 20.Ng5 Bxg2 21.Kxg2 Bxd4
22.Rxd4 e5 23.Rdc4 h6 24.Ne4 Nd5 25.Rd1 Nf4+ 26.Kf1 Rad8 27.e3 Ne6 28.Ke2 Rf7
29.Nd6 Rf6 30.Ne4 Rg6 31.Ba3 b5 32.Rc2 Nb6 33.Rxd8+ Nxd8 34.Rc7 a6 35.Bc5 Ne6
36.Bxb6 Nxc7 37.Bxc7 Rc6 38.Bxe5 Rc2+ 39.Kd3 Rxa2 40.b4 a5 41.Nc3 Ra3 42.bxa5 b4
43.Kc4 bxc3 44.Bxc3 g5 45.Kb4 Ra2 46.Kb5 Rxf2 47.a6 Ra2 48.Kb6 Kf7 49.a7 Rxa7
50.Kxa7 Ke6 51.e4 g4 52.Kb6 h5 53.Kc5 h4 54.Kc4  1-0

[Event "Novi Sad ol (Men)"]
[Site "Novi Sad"]
[Date "1990.??.??"]
[Round "6"]
[White "Petursson, Margeir"]
[Black "Antonio, Rogelio Jr"]
[Result "1/2-1/2"]
[WhiteElo "2550"]
[BlackElo "2445"]

1.c4 Nf6 2.Nc3 c5 3.Nf3 b6 4.g3 Bb7 5.Bg2 e6 6.O-O d6 7.b3 Be7 8.Bb2 a6 9.e3 O-O
10.d4 Nbd7 11.d5 exd5 12.Nh4 Rb8 13.cxd5 Re8 14.e4 Bf8 15.Qd2 b5 16.Rfe1 Bc8
17.f4 c4 18.b4 Ng4 19.Nd1 Be7 20.Nf5 Bf6 21.h3 Qb6+ 22.Bd4 Bxd4+ 23.Qxd4 Ngf6
24.Qxb6 Rxb6 25.Nc3 Nf8 26.Nxd6 Rxd6 27.e5 Nxd5 28.Nxd5 Rd7 29.Red1 Bb7 30.Nc3 Bxg2
31.Rxd7 Nxd7 32.Kxg2 Nb6 33.Rd1 Kf8 34.Kf2 Re6 35.Ke3 Ke7 36.Ne4 Rc6 37.Nc5 a5
38.a3 c3 39.Kd4 c2 40.Rc1 Nc4 41.Rxc2 Nxa3 42.Ra2 axb4 43.Rb2 Rc8 44.Kd5 Rd8+
45.Ke4 Rc8 46.Kd5  1/2-1/2

[Event "Novi Sad ol (Men)"]
[Site "Novi Sad"]
[Date "1990.??.??"]
[Round "6"]
[White "Hoelzl, Franz"]
[Black "Nashed, K."]
[Result "1-0"]
[WhiteElo "2415"]
[BlackElo "2205"]

1.c4 Nf6 2.Nc3 c5 3.Nf3 g6 4.e4 d6 5.d4 cxd4 6.Nxd4 Nc6 7.Be2 Bg7 8.Be3 O-O
9.O-O Nxd4 10.Bxd4 a6 11.Qd2 Nd7 12.Be3 b6 13.Rac1 Bb7 14.Rfd1 Bxc3 15.Qxc3 f6
16.Qd4 Qc7 17.Bg4 Nc5 18.b4 Nd7 19.Be6+ Kg7 20.f3 Rfb8 21.Qd2 Nf8 22.Bd5 Nd7
23.Qf2 a5 24.a3 axb4 25.axb4 Ra4 26.Rb1 Bxd5 27.cxd5 Ne5 28.Rdc1 Qa7 29.Rd1 Nc4
30.Bd4 Qd7 31.f4 e5 32.dxe6 Qxe6 33.f5 Qxe4 34.fxg6 Qxg6 35.Rb3 Kf7 36.Rg3 Qh6
37.Bxf6 Qxf6 38.Rf3 Qxf3 39.Qxf3+ Ke6 40.Qg4+ Ke7 41.Qxc4  1-0

[Event "Novi Sad ol (Men)"]
[Site "Novi Sad"]
[Date "1990.??.??"]
[Round "7"]
[White "Cooper, John Grantley"]
[Black "Omuku, Emmanuel"]
[Result "1-0"]
[WhiteElo "2390"]
[BlackElo "2205"]

1.Nf3 Nf6 2.c4 c5 3.Nc3 d5 4.cxd5 Nxd5 5.d4 Nxc3 6.bxc3 g6 7.e3 Bg7 8.Bd3 O-O
9.O-O Nc6 10.Ba3 cxd4 11.cxd4 Bg4 12.Be4 Rc8 13.Rc1 Re8 14.h3 Bd7 15.Qe2 Qa5
16.Qb2 b6 17.Rc2 e6 18.Rfc1 Nb8 19.Bd6 Rxc2 20.Rxc2 Na6 21.Qc1 Bf8 22.Bxf8 Rxf8
23.a3 Kg7 24.Ne5 Bb5 25.Rc3 Qa4 26.Bc2 Qa5 27.Ba4 Qxa4 28.h4 Nb8 29.Rc7 Be8
30.g3 b5 31.Rb7 Qa5 32.Rxb8 a6 33.Qc5  1-0

[Event "Novi Sad ol (Men)"]
[Site "Novi Sad"]
[Date "1990.??.??"]
[Round "7"]
[White "Agdestein, Simen"]
[Black "Miralles, Gilles"]
[Result "1/2-1/2"]
[WhiteElo "2600"]
[BlackElo "2460"]

1.Nf3 Nf6 2.c4 c5 3.Nc3 b6 4.e4 d6 5.d4 cxd4 6.Nxd4 Bb7 7.Qe2 g6 8.Bg5 Bg7
9.O-O-O Nbd7 10.f4 Qb8 11.g4 O-O 12.h4 h6 13.Bxf6 Nxf6 14.h5 e5 15.Ndb5 exf4
16.hxg6 fxg6 17.Nxd6 f3 18.Qd2 Nxg4 19.c5 Be5 20.Kb1 bxc5 21.Rxh6 Bf4 22.Rxg6+ Kh7
23.Rxg4 Bxd2 24.Rxd2 f2 25.Rd3 Rf6 26.e5 Rf3 27.Nf7 Qg8 28.Rxg8 Kxg8 29.Nd6 Rxd3
30.Bxd3 Bg2 31.e6 Kf8 32.Kc2 Rd8 33.e7+ Kxe7 34.Nf5+ Kf6 35.Ne3 Rxd3 36.Kxd3 f1=Q+
37.Nxf1 Bxf1+ 38.Ke4 Ke6 39.Ke3 Kd6 40.b3  1/2-1/2

[Event "Novi Sad ol (Men)"]
[Site "Novi Sad"]
[Date "1990.??.??"]
[Round "9"]
[White "Muco, Fatos"]
[Black "Klinger, Josef"]
[Result "1/2-1/2"]
[WhiteElo "2440"]
[BlackElo "2520"]

1.Nf3 c5 2.c4 e6 3.Nc3 Nf6 4.g3 Be7 5.Bg2 O-O 6.O-O a6 7.b3 d6 8.Bb2 Nbd7
9.e3 Rb8 10.Qe2 b5 11.d3 Bb7 12.Rfd1 Qb6 13.Rac1 Rfd8 14.Ba1 Rbc8 15.e4 Ne8
16.Nb1 Bf6 17.Bxf6 Nexf6 18.Nbd2 Nb8 19.e5 dxe5 20.Nxe5 Bxg2 21.Kxg2 Nc6
22.Nxc6 Qxc6+ 23.Kg1 Qb6 24.Nf3 h6 25.Qe3 Qa5 26.Qe2  1/2-1/2

[Event "Novi Sad ol (Men)"]
[Site "Novi Sad"]
[Date "1990.??.??"]
[Round "9"]
[White "Kamuhangire, Silver"]
[Black "Fernandez, A."]
[Result "1/2-1/2"]
[WhiteElo "2255"]
[BlackElo "2345"]

1.Nf3 Nf6 2.c4 c5 3.Nc3 g6 4.e4 Bg7 5.d4 cxd4 6.Nxd4 O-O 7.Be3 d6 8.f3 a6
9.Qd2 Nc6 10.Be2 Bd7 11.O-O Rb8 12.a4 a5 13.Nb3 b6 14.Rfd1 Nb4 15.g4 Bc6
16.Nd4 Ba8 17.g5 Nd7 18.Nd5 e5 19.Nb5 Bxd5 20.cxd5 Nc5 21.Ra3 Qe7 22.Rc3 f5
23.gxf6 Bxf6 24.Kh1 Bh4 25.Rg1 Rb7 26.b3 Bf6 27.Bg5 Bxg5 28.Qxg5 Qxg5 29.Rxg5 Rd7
30.Rg3 Rf4 31.Na3 Rf6 32.Nc4 Rb7 33.Kg1 Kf8 34.Nd2 Ke7 35.Bb5 Rb8 36.h4 Kd8
37.h5 Kc7 38.hxg6 Rxg6 39.Rxg6 hxg6 40.Kg2 Rh8 41.Rc1 Kd8 42.Kg3 Kc7 43.Kg2 Kd8
44.Rh1 Rxh1 45.Kxh1 Nc2 46.Kg2 Nd4 47.Bc4 Ke7 48.Kg3 Kf6 49.Kg4 Nc2 50.Bb5 Na3
51.Bc4 Nc2 52.Bb5 Na3 53.Bf1 Nd7 54.Bc4 Nc5 55.Be2 Nd7 56.Bf1 Nc5 57.Bc4 Nc2
58.Bb5  1/2-1/2

[Event "Novi Sad ol (Men)"]
[Site "Novi Sad"]
[Date "1990.??.??"]
[Round "9"]
[White "Schmidt, Wlodzimierz"]
[Black "Antonio, Rogelio Jr"]
[Result "1-0"]
[WhiteElo "2455"]
[BlackElo "2445"]

1.Nf3 Nf6 2.c4 c5 3.Nc3 b6 4.e3 g6 5.d4 Bg7 6.Be2 O-O 7.O-O d6 8.b3 Na6 9.Bb2 Bb7
10.Qd2 Nc7 11.a4 cxd4 12.exd4 d5 13.Rfd1 Ne6 14.Ne5 Rc8 15.Qe3 Qc7 16.Rac1 Qd6
17.Bf3 Rfd8 18.a5 Bf8 19.Ra1 Ng7 20.g4 Qb8 21.axb6 axb6 22.Nxd5 Nxd5 23.cxd5 Rxd5
24.Bxd5 Bxd5 25.Rdc1 Ne6 26.Nd7 Rxc1+ 27.Rxc1 Qb7 28.Nxf8 Nxf8 29.Qe5 Qd7
30.h3 Ne6 31.Qe3 f6 32.Ba3 Kf7 33.Re1 Qb5 34.Qh6 Kg8 35.Bxe7 Qd3 36.Qe3 Qxd4
37.Qxd4 Nxd4 38.Rd1 Nf3+ 39.Kf1 Bxb3 40.Rd7 f5 41.gxf5 gxf5 42.Bf6 f4 43.Kg2 Ne1+
44.Kf1 Nf3 45.Rg7+ Kf8 46.Ke2 Bd5 47.Rxh7 Ng1+ 48.Kd3 Be6 49.Ke4 f3 50.h4  1-0

[Event "Novi Sad ol (Men)"]
[Site "Novi Sad"]
[Date "1990.??.??"]
[Round "12"]
[White "Wirthensohn, Heinz"]
[Black "Bennis, Zakaria"]
[Result "1-0"]
[WhiteElo "2430"]
[BlackElo "2240"]

1.Nf3 c5 2.c4 Nf6 3.Nc3 g6 4.d4 cxd4 5.Nxd4 Bg7 6.e4 d6 7.Be2 O-O 8.O-O Nc6
9.Be3 Bd7 10.Rc1 Rc8 11.f3 b6 12.Qd2 Qc7 13.Rfd1 Qb7 14.Nxc6 Rxc6 15.Bg5 Be6
16.Nd5 Bxd5 17.cxd5 Rc5 18.b4 Rxc1 19.Rxc1 Rc8 20.Bb5 Kf8 21.Kf1 Nd7 22.Rxc8+ Qxc8
23.Qc1 Qxc1+ 24.Bxc1 Ke8 25.Ke2 Kd8 26.Kd3 Ba1 27.Be3 Ne5+ 28.Kc2 Kc7 29.h3 e6
30.f4 Nd7 31.dxe6 fxe6 32.Bc4 Nf8 33.g4 Bg7 34.Kd3 h6 35.a4 Bf6 36.Bd4 Bxd4
37.Kxd4 Kd7 38.e5 Nh7 39.Bd3 Nf8 40.f5 gxf5 41.gxf5 Kc7 42.h4 Nd7 43.fxe6 Nxe5
44.Bb5 Kd8 45.Kd5 Ke7 46.Bf1 Ng6 47.Kc6 Kxe6 48.Kb7 Ne7 49.Kxa7 Nc6+ 50.Kxb6 Nxb4
51.Kb5 Nc2 52.Bh3+ Ke7 53.a5 Kd8 54.Kc6 Ke7 55.Bg2 Nd4+ 56.Kb6 Ne6 57.a6 Kd8
58.a7 Nc7 59.Kb7 Kd7 60.Bh3+ Kd8 61.Be6  1-0

[Event "Novi Sad ol (Men)"]
[Site "Novi Sad"]
[Date "1990.??.??"]
[Round "12"]
[White "Ostenstad, Berge"]
[Black "Johansen, Darryl K"]
[Result "1-0"]
[WhiteElo "2425"]
[BlackElo "2445"]

1.Nf3 Nf6 2.c4 c5 3.Nc3 e6 4.g3 b6 5.Bg2 Bb7 6.O-O Be7 7.Re1 d5 8.cxd5 exd5
9.d4 O-O 10.Bg5 Na6 11.Rc1 Re8 12.e3 Ne4 13.Bxe7 Qxe7 14.Ne5 Nc7 15.Nd3 Ne6
16.dxc5 Nxc3 17.bxc3 bxc5 18.Rb1 Rab8 19.Qg4 Ba8 20.Nf4 Nxf4 21.Qxf4 Rbd8
22.Red1 g6 23.h4 h5 24.Rd2 c4 25.Kh2 Qa3 26.Rc2 Bc6 27.Qf6 Rd6 28.Qd4 Ba8
29.Rcb2 Rb6 30.Rxb6 axb6 31.Rxb6 Qxa2 32.Qf6 d4 33.Ra6 Qd2 34.Ra7 Rf8 35.Bxa8 dxe3
36.Qf4 exf2 37.Bg2 Qxc3 38.Qxf2 Qd3 39.Bf1 Qd5 40.Rc7 Qd6 41.Qf4 Qxf4 42.gxf4 c3
43.Rxc3 Rd8 44.Rc7 f5 45.Bc4+ Kh8 46.Kg3 Rd1 47.Bb5 Rg1+ 48.Kf3 Rg4 49.Be8 Kg8
50.Rc6 Kg7 51.Bxg6  1-0

[Event "Novi Sad ol (Men)"]
[Site "Novi Sad"]
[Date "1990.??.??"]
[Round "12"]
[White "Hutchings, Stuart J"]
[Black "Badea, Bela"]
[Result "1-0"]
[WhiteElo "2320"]
[BlackElo "2480"]

1.Nf3 c5 2.c4 Nf6 3.Nc3 d5 4.cxd5 Nxd5 5.e4 Nb4 6.Bc4 Nd3+ 7.Ke2 Nf4+ 8.Kf1 Ne6
9.b4 cxb4 10.Ne2 Nc7 11.d4 e6 12.Bf4 Bd6 13.Rc1 Bxf4 14.Nxf4 O-O 15.h4 Nd7
16.e5 h6 17.Qd3 Re8 18.Rh3 Nf8 19.Rg3 Re7 20.Nh5 Ng6 21.Nxg7 Kxg7 22.h5 Ne8
23.hxg6 f5 24.exf6+ Nxf6 25.Ne5 Rc7 26.Nf7 Qf8 27.Qe3 Rxf7 28.gxf7+ Kxf7
29.Bb5 Ke7 30.Qe5 b6 31.Rc7+ Kd8 32.Rf3 b3 33.Rxf6 Qb4 34.Rff7  1-0

[Event "NZD-ch"]
[Site "?"]
[Date "1990.??.??"]
[Round "?"]
[White "Sarfati, Jonathan D"]
[Black "Dive, Russell John"]
[Result "1-0"]
[WhiteElo "2325"]
[BlackElo "2255"]

1.Nf3 Nf6 2.c4 e6 3.Nc3 c5 4.d4 cxd4 5.Nxd4 d6 6.e4 a6 7.Be2 Be7 8.O-O O-O
9.Be3 Qc7 10.Rc1 b6 11.f4 Bb7 12.Bf3 Nbd7 13.f5 e5 14.Nde2 Qd8 15.Ng3 Rc8
16.b3 Nc5 17.Re1 Bc6 18.b4 Ncd7 19.Nd5 Nxd5 20.exd5 Bb7 21.Ne4 Nf6 22.Nf2 b5
23.c5 e4 24.Nxe4 Nxd5 25.cxd6 Rxc1 26.Qxc1 Bh4 27.g3 Nxe3 28.Qxe3 Bxe4 29.Qxe4 Bf6
30.Qc6 Bd4+ 31.Kg2 Qg5 32.Re8 g6 33.d7 Qd2+ 34.Be2 Be3 35.Kf1 Bg5 36.Qc5 Bh6
37.d8=Q  1-0

[Event "Wch U26"]
[Site "Odessa"]
[Date "1990.??.??"]
[Round "9"]
[White "Fioramonti, Hung"]
[Black "Thesing, Matthias"]
[Result "0-1"]
[WhiteElo "2355"]
[BlackElo "2415"]

1.Nf3 Nf6 2.c4 c5 3.Nc3 e6 4.g3 b6 5.Bg2 Bb7 6.O-O a6 7.Re1 d6 8.e4 Qc7 9.d4 cxd4
10.Nxd4 Be7 11.Be3 O-O 12.Rc1 Re8 13.f4 Nbd7 14.g4 h6 15.g5 hxg5 16.fxg5 Nh7
17.g6 Nhf8 18.gxf7+ Kxf7 19.Bh3 Bf6 20.Rc2 Ne5 21.Rf1 Kg8 22.Rg2 Qe7 23.Qh5 Rac8
24.Bxe6+ Nxe6 25.Nf5 Qc7 26.Nh6+ Kf8 27.Rxf6+ gxf6 28.Rg8+ Ke7 29.Nf5+ Kd7
30.Qh7+ Kc6 31.Rg7 Nxg7 32.Nd4+ Kd7 33.Qxg7+ Kd8 34.Qxf6+ Qe7 35.Ne6+ Kd7
36.Qxe7+ Rxe7  0-1

[Event "Orange op"]
[Site "Orange"]
[Date "1990.??.??"]
[Round "4"]
[White "Bellas, Alexandre"]
[Black "Prie, Eric"]
[Result "1/2-1/2"]
[WhiteElo "2240"]
[BlackElo "2435"]

1.Nf3 c5 2.c4 Nf6 3.Nc3 e6 4.e3 d6 5.d4 Nbd7 6.dxc5 Nxc5 7.Qc2 a6 8.Be2 b6
9.O-O Bb7 10.Nd2 Rc8 11.Rd1 Be7 12.b3 Rc7 13.Bf3 Qb8 14.Bb2 O-O 15.Rac1 b5
16.cxb5 axb5 17.b4 Na4 18.Qb3 Nxb2 19.Qxb2 Nd7 20.Bxb7 Qxb7 21.Nf3 Bf6 22.Qd2 Rfc8
23.Ne2 d5 24.Rxc7 Rxc7 25.Rc1 Nb6 26.Rxc7 Qxc7 27.Qc1 Qc4 28.Qxc4 bxc4 29.Kf1 Kf8
30.Ke1 Ke8 31.Kd2 Kd7 32.Nc3 e5 33.a4 Kc6 34.b5+ Kc5 35.a5 Nd7 36.a6 Nb6
37.a7 Na8 38.b6 Kxb6 39.Nxd5+ Kxa7 40.e4 Nb6 41.Nxb6 Kxb6 42.Kc3 Kc5 43.Nd2 Bh4
44.g3 Bg5 45.Nxc4 f6 46.Nb2 h5 47.Nd3+ Kd6 48.h3 g6  1/2-1/2

[Event "Orange op"]
[Site "Orange"]
[Date "1990.??.??"]
[Round "7"]
[White "Spiridonov, Nikola"]
[Black "Pira, Davoud"]
[Result "1/2-1/2"]
[WhiteElo "2405"]
[BlackElo "2330"]

1.Nf3 c5 2.c4 Nf6 3.Nc3 e6 4.g3 b6 5.Bg2 Bb7 6.O-O a6 7.d4 cxd4 8.Qxd4 d6
9.Rd1 Nbd7 10.b3 Be7 11.Ba3 Nc5 12.Qe3 Qc7 13.Rac1 O-O 14.Nd4 Bxg2 15.Kxg2 Rfe8
16.Qf3 Rac8 17.Bb2 Ncd7 18.Kg1 Bf8 19.Rd2 Nc5 20.Rcd1 Red8 21.Nc2 Qb8 22.Nb4 Rd7
23.Nd3 b5 24.cxb5 axb5 25.Nxc5 Rxc5 26.e4 Qb7 27.Kg2 Rdc7 28.Re2 Nd7 29.Qe3 Nb6
30.Red2 h6 31.f3 Be7 32.Ne2 Nd7 33.h4 Bf8 34.Nf4 b4 35.Nd3 Ra5 36.Bc1 d5
37.exd5 Rxd5 38.Bb2 Qc8 39.Qf4 Rc2 40.Rxc2 Qxc2+ 41.Rd2 Qb1 42.Nc1 Nb6 43.Rxd5 Nxd5
44.Qe5 Kh8 45.f4 f6 46.Qe2 Nc3 47.Qd2 Qe4+ 48.Kh2 Qf3 49.a4 Ne4 50.Qg2 Qe3
51.Ne2 Bc5 52.a5 Nf2 53.Nc1 Qd2 54.Bxf6 gxf6 55.a6 Ng4+ 56.Kh3 Nf2+ 57.Kh2 Qd5
58.Na2 Ng4+ 59.Kh3 Qf5 60.a7 Nf2+ 61.Kh2 Ng4+ 62.Kh3 Nf2+ 63.Kh2 Ng4+  1/2-1/2

[Event "Paris-ch"]
[Site "Paris"]
[Date "1990.??.??"]
[Round "?"]
[White "Lecuyer, Christian"]
[Black "Praud, Jean Luc"]
[Result "1/2-1/2"]
[WhiteElo "2290"]
[BlackElo "2265"]

1.c4 c5 2.Nc3 e6 3.Nf3 Nf6 4.e3 Nc6 5.d4 d5 6.a3 a6 7.dxc5 Bxc5 8.b4 Bd6
9.Bb2 O-O 10.cxd5 exd5 11.Be2 Bg4 12.O-O Rc8 13.b5 axb5 14.Nxb5 Bb8 15.Rc1 Ne4
16.g3 Qd7 17.Nbd4 Rfe8 18.Qa4 Bd6 19.Nxc6 bxc6 20.Qd4 f6 21.Qd1 Kh8 22.Nd4 Bxe2
23.Nxe2 Be5 24.Bxe5 fxe5 25.f3 Nd6 26.Kh1 e4 27.Nf4 Qe7 28.fxe4 Qxe4+ 29.Qf3 Qxf3+
30.Rxf3 Nc4 31.Rc3 Ra8 32.Nd3 Kg8 33.Nb4 Re6 34.Nc2 Rb8 35.Nd4 Rd6 36.h4 g6
37.Rf2 c5 38.Nb3 Rc6 39.Ra2 Re8 40.Re2 Ra8 41.e4 Rxa3  1/2-1/2

[Event "Paris-ch"]
[Site "Paris"]
[Date "1990.??.??"]
[Round "?"]
[White "Murrey, Jacob"]
[Black "Pira, Davoud"]
[Result "1/2-1/2"]
[WhiteElo "2530"]
[BlackElo "2345"]

1.c4 Nf6 2.Nc3 c5 3.Nf3 e6 4.g3 b6 5.Bg2 Bb7 6.O-O a6 7.b3 d6 8.d4 cxd4 9.Qxd4 Nbd7
10.Rd1 Be7 11.Bb2 O-O 12.Rac1 Qc7 13.Qf4 Rac8 14.Bh3 h6 15.Qe3 Rfe8 16.Nd4 Bf8
17.f3 Qb8 18.Qf2 Rcd8 19.e4 Qa8 20.Na4 d5 21.e5 Nxe5 22.Nxe6 Nxf3+ 23.Qxf3  1/2-1/2

[Event "World op"]
[Site "Philadelphia"]
[Date "1990.??.??"]
[Round "?"]
[White "Mengarini, Ariel"]
[Black "Friedman, Aviv"]
[Result "1-0"]
[WhiteElo "2230"]
[BlackElo "2350"]

1.Nf3 Nf6 2.c4 c5 3.Nc3 g6 4.d4 cxd4 5.Nxd4 Bg7 6.g3 O-O 7.Bg2 Nc6 8.O-O Nxd4
9.Qxd4 d6 10.b3 d5 11.cxd5 e6 12.Qf4 Nxd5 13.Nxd5 Bxa1 14.Nc7 Rb8 15.Ba3 Bg7
16.Bxf8 Bxf8 17.Ne8 Ra8 18.Nf6+ Kg7 19.Ng4 h5 20.Ne3 Qa5 21.Rc1 Qxa2 22.Qd4+ Kg8
23.Qd8 Qxb3 24.Rxc8 Qb1+ 25.Nf1 Rxc8 26.Qxc8 b5 27.Qb7 a5 28.Bc6 b4 29.Be8 Qf5
30.Ne3 Qf6 31.Nc4 a4 32.Ne5 Kg7 33.f4 a3 34.Bxf7 Be7 35.Qa8 Bf8 36.Qa4 Bd6
37.Qd7 Bxe5 38.Bxe6+ Kh6 39.fxe5 Qxe5 40.Qd2+ Kg7 41.Bb3 Qc3 42.Qd7+ Kh6
43.Qe6 h4 44.Kf2 hxg3+ 45.hxg3 Qc7 46.Qe3+ Kh7 47.Qd4 Qa5 48.Qh4+ Kg7 49.Qe7+ Kh6
50.Qf8+ Kh5 51.Qh8+ Kg5 52.Qh4+ Kf5 53.Qf4+  1-0

[Event "URS-chT"]
[Site "Podolsk"]
[Date "1990.??.??"]
[Round "?"]
[White "Frog, Ilya"]
[Black "Andrianov, Nikolai"]
[Result "1/2-1/2"]
[WhiteElo "2325"]
[BlackElo "2455"]

1.c4 Nf6 2.Nc3 c5 3.Nf3 e6 4.e4 Nc6 5.Be2 d5 6.exd5 exd5 7.d4 cxd4 8.Nxd4 Be7
9.Nxd5 Nxd5 10.Nxc6 bxc6 11.cxd5 Qxd5 12.O-O Qxd1 13.Rxd1 O-O 14.Be3 Be6
15.Bf3 Rfc8 16.Rd2 Bf6 17.g4 Rab8 18.Bxa7 Rxb2 19.Rxb2 Bxb2 20.Rb1 Ba3 21.Rb6 Bc5
22.Ra6 Ra8 23.Rxc6 Rxa7 24.Rxc5  1/2-1/2

[Event "URS-chT"]
[Site "Podolsk"]
[Date "1990.??.??"]
[Round "?"]
[White "Yuneev, Alexey"]
[Black "Anastasian, Ashot"]
[Result "1/2-1/2"]
[WhiteElo "2380"]
[BlackElo "2490"]

1.Nf3 c5 2.c4 Nf6 3.Nc3 e6 4.g3 b6 5.Bg2 Bb7 6.O-O Be7 7.d3 O-O 8.e4 d6 9.Ne1 Nc6
10.Nc2 a6 11.f4 b5 12.cxb5 axb5 13.Nxb5 Ba6 14.Nc3 Qb6 15.Kh1 Nd4 16.Ne3 Ra7
17.b3 Rd8 18.Bb2 Nc6 19.Na4 Qc7 20.Rf2 d5 21.exd5 Nxd5 22.Nxd5 exd5 23.Qg4 d4
24.Be4 Nb4 25.Qf3 Nd5 26.Qe2 Bb5 27.Rc1 Bxa4 28.bxa4 Rxa4 29.Qf3 Nf6 30.Bc6 Rxa2
31.Bxd4 Ra3 32.Be5 Qa5 33.Bxf6 Bxf6 34.Re2 g6 35.Be8 Ra1 36.Rxa1 Qxa1+ 37.Kg2 Qd4  1/2-1/2

[Event "URS-ch (Women)"]
[Site "Podolsk"]
[Date "1990.??.??"]
[Round "12"]
[White "Umanskaya, Irina"]
[Black "Tsiganova, Monika"]
[Result "1/2-1/2"]
[WhiteElo "2190"]
[BlackElo "2175"]

1.Nf3 Nf6 2.c4 e6 3.Nc3 c5 4.g3 b6 5.Bg2 Bb7 6.O-O a6 7.d4 cxd4 8.Qxd4 d6
9.Be3 Nbd7 10.Ng5 Bxg2 11.Kxg2 Qc7 12.Rfd1 Rc8 13.Nge4 Qxc4 14.Nxd6+ Bxd6
15.Qxd6 Qc6+ 16.Qxc6 Rxc6 17.Rac1 O-O 18.Na4 Rxc1 19.Rxc1 Nd5 20.Bd2 f5 21.Nc3 N5f6
22.Bg5 Kf7 23.Rd1 h6 24.Bf4 Rc8 25.f3 Rc6 26.Rd6 Rc4 27.Be3 Ke7 28.Rd4 Rxd4
29.Bxd4 e5 30.Be3  1/2-1/2

[Event "URS-ch (Women)"]
[Site "Podolsk"]
[Date "1990.??.??"]
[Round "14"]
[White "Demina, Julia"]
[Black "Tsiganova, Monika"]
[Result "1-0"]
[WhiteElo "2330"]
[BlackElo "2175"]

1.Nf3 c5 2.c4 Nf6 3.Nc3 e6 4.g3 b6 5.Bg2 Bb7 6.O-O Be7 7.d4 cxd4 8.Qxd4 O-O
9.Rd1 d6 10.Bg5 Nbd7 11.Nb5 d5 12.cxd5 Bxd5 13.Nc3 Bb7 14.Qa4 Qe8 15.Rac1 h6
16.Bf4 Nc5 17.Qxe8 Rfxe8 18.Ne5 a6 19.Nc6 Bf8 20.b4 Ncd7 21.a3 g5 22.Be3 Kg7
23.Na4 b5 24.Nb6 Nxb6 25.Bxb6 Rac8 26.Bd4 Bxc6 27.Rxc6 Rxc6 28.Bxc6 Rc8 29.Bb7 Rb8
30.Bxa6 Ra8 31.Bxb5 Rxa3 32.Rb1 Bd6 33.Bb2 Ra8 34.Bc6 Rb8 35.b5 Kg6 36.Bd4 Ng8
37.Ba7 Rd8 38.Rd1 Ne7 39.Bb6 Bc7 40.Rxd8 Bxb6 41.Rb8  1-0

[Event "Porz Citroen-Cup"]
[Site "Porz"]
[Date "1990.??.??"]
[Round "2"]
[White "Schneider, B."]
[Black "Spassov, Liuben"]
[Result "1/2-1/2"]
[WhiteElo "2435"]
[BlackElo "2420"]

1.c4 c5 2.Nf3 Nf6 3.Nc3 d5 4.cxd5 Nxd5 5.g3 Nc6 6.Bg2 Nc7 7.O-O e5 8.a3 f6
9.d3 Be7 10.Nd2 Bd7 11.Nc4 O-O 12.f4  1/2-1/2

[Event "Porz Citroen-Cup"]
[Site "Porz"]
[Date "1990.??.??"]
[Round "7"]
[White "Jackelen, Thomas"]
[Black "Spassov, Liuben"]
[Result "1/2-1/2"]
[WhiteElo "2365"]
[BlackElo "2420"]

1.Nf3 Nf6 2.c4 c5 3.Nc3 d5 4.cxd5 Nxd5 5.Qa4+ Bd7 6.Qe4 Bc6 7.Ne5 Nxc3 8.Qf4 Bd5
9.dxc3 f6 10.Qa4+ Nc6 11.e4 fxe5 12.exd5 Qxd5 13.Be3 O-O-O 14.Qg4+ Kc7 15.Bc4 h5
16.Bxd5 hxg4 17.Be6 b6 18.Bxg4 g6 19.Ke2 Bh6 20.Bf3 Rd6 21.h3 Nd8 22.g3 Nf7
23.h4 Rhd8 24.Rad1 Rxd1 25.Rxd1 Rxd1 26.Kxd1 Bxe3 27.fxe3 Nd6 28.Ke2 Kd7
29.Bd5 e6 30.Bb3 e4 31.Kf2 Ke7 32.g4 Kf6 33.Kg3 e5 34.Bd5 Kg7 35.a4 a5 36.Kh3 Kf6
37.Kg2 Kg7 38.Kf2 Kf6 39.Kg2 Kg7 40.Kh1 Kf6 41.Kh2 Kg7 42.Kg1 Kf6 43.Kf2 Kg7
44.Kg3 Kf6 45.b3 Kg7 46.Kf2 Kf6 47.Kg2 Kg7 48.Kh3 Kf6 49.Kh2 Kg7 50.Kg1 Kf6
51.Kf2 Kg7 52.Ke2 Kf6 53.c4 g5 54.hxg5+ Kxg5 55.Be6 Ne8 56.Kf2 Kh4 57.Bc8 Nf6
58.Bf5 Ne8 59.Bd7 Nd6 60.Be6 Ne8 61.Bd7 Nf6 62.Bf5 Nxg4+  1/2-1/2

[Event "Porz op24"]
[Site "Porz"]
[Date "1990.??.??"]
[Round "8"]
[White "Rechmann, Peter"]
[Black "Lingnau, Carsten"]
[Result "1-0"]
[WhiteElo "2355"]
[BlackElo "2230"]

1.c4 Nf6 2.Nc3 c5 3.Nf3 e6 4.e3 b6 5.d4 cxd4 6.exd4 d5 7.cxd5 Nxd5 8.Ne5 a6
9.Bd3 Bb4 10.Bd2 O-O 11.O-O Be7 12.Re1 Nf6 13.Qf3 Ra7 14.Rad1 Bb7 15.Qh3 Bc8
16.Ne4 Nxe4 17.Bxe4 f5 18.Bc2 Qxd4 19.Nd3 Qh4 20.Qxh4 Bxh4 21.Nf4 Kf7 22.Bb3 Re8
23.Re5 g6 24.Rde1 Nc6 25.Rxe6 Bxe6 26.Nxe6 Rc8 27.Nd8+ Kg7 28.Bc3+ Kf8 29.Ne6+ Ke7
30.g3 Bf6 31.Nf4+ Be5 32.Nd3 Na5 33.Nxe5 Kd6 34.Bb4+ Kc7 35.Rc1+ Kb8 36.Bd6+  1-0

[Event "Prague"]
[Site "Prague"]
[Date "1990.??.??"]
[Round "2"]
[White "Timman, Jan H"]
[Black "Hort, Vlastimil"]
[Result "1-0"]
[WhiteElo "2660"]
[BlackElo "2545"]

1.c4 Nf6 2.Nc3 e6 3.Nf3 c5 4.g3 b6 5.Bg2 Bb7 6.O-O a6 7.d4 cxd4 8.Qxd4 d6
9.e4 Nbd7 10.Qe3 Ng4 11.Qe2 Nge5 12.Nd4 Rc8 13.b3 Be7 14.f4 Nc6 15.Nc2 O-O
16.Bb2 Re8 17.Rad1 Qc7 18.Kh1 Nf8 19.Ne3 Nb8 20.Ng4 Nbd7 21.Qd2 Rcd8 22.Ne2 Nc5
23.Qd4 e5 24.Qe3 h5 25.Nf2 Nh7 26.Nc3 Bf6 27.f5 Bg5 28.Qe2 Nf6 29.Bf3 g6
30.h4 Bh6 31.g4 hxg4 32.Nxg4 Nxg4 33.Bxg4 Bf4 34.b4 Nd7 35.fxg6 fxg6 36.Nd5 Bxd5
37.exd5 Nf8 38.Kg2 Re7 39.Rf3 Rh7 40.Rh1 Qe7 41.Rxf4 exf4 42.Qxe7 Rxe7 43.Bf6 Rde8
44.Bxe7 Rxe7 45.c5 bxc5 46.bxc5 dxc5 47.Kf3 Rb7 48.d6 Kf7 49.Re1 Rb8 50.Kxf4 Rd8
51.Rf1 Re8 52.Kg5+ Kg7 53.Rb1 Re5+ 54.Kf4 Rd5 55.Rd1 Rxd1 56.Bxd1 Kf6 57.Bg4 Ne6+
58.Ke4 c4 59.d7 Nd8 60.Kd4 c3 61.Kxc3 Ke5  1-0

[Event "Vysehrad"]
[Site "Prague"]
[Date "1990.??.??"]
[Round "5"]
[White "Freisler, Pavel"]
[Black "David, Pavel"]
[Result "1/2-1/2"]
[WhiteElo "2270"]
[BlackElo "2440"]

1.Nf3 Nf6 2.c4 c5 3.Nc3 e6 4.g3 b6 5.Bg2 Bb7 6.O-O Be7 7.d4 cxd4 8.Qxd4 d6
9.Bg5 a6 10.Bxf6 Bxf6 11.Qd3 Ra7 12.Rad1 Bxf3 13.exf3 Rd7 14.f4 g6 15.Rfe1 O-O
16.h4 Qc7 17.h5 Bg7 18.Bh3 Nc6 19.Ne4 Bxb2 20.hxg6 hxg6 21.Ng5 Nd8 22.g4 d5
23.f5 Qf4 24.fxe6 fxe6 25.Nxe6 Nxe6 26.Rxe6 Qxf2+ 27.Kh1 Rh7 28.Rxg6+ Kh8
29.Rd2 Qe1+ 30.Kg2 dxc4 31.Qe2 Qxe2+ 32.Rxe2 Bd4 33.Rc6 c3 34.Re4 Bc5 35.Rc4 Rf2+
36.Kg3 Rhf7 37.Rxc3 Rxa2 38.g5 Bf2+ 39.Kg4 Ra4+ 40.R6c4 Rxc4+ 41.Rxc4 Bc5  1/2-1/2

[Event "Vysehrad"]
[Site "Prague"]
[Date "1990.??.??"]
[Round "10"]
[White "Freisler, Pavel"]
[Black "Gregor, Jiri"]
[Result "1-0"]
[WhiteElo "2270"]
[BlackElo "2215"]

1.Nf3 Nf6 2.c4 c5 3.Nc3 e6 4.g3 b6 5.Bg2 Bb7 6.d4 cxd4 7.Qxd4 d6 8.O-O a6
9.Be3 Nbd7 10.Ng5 Bxg2 11.Kxg2 Rc8 12.Nge4 Rc6 13.Nxf6+ Nxf6 14.Rac1 Be7
15.Ne4 O-O 16.Nxf6+ Bxf6 17.Qe4 Qa8 18.b3 Rfc8 19.a4 b5 20.axb5 axb5 21.cxb5 d5
22.Qa4 Rc3 23.Rxc3 Bxc3 24.Qxa8 Rxa8 25.Rc1 d4 26.b6 e5 27.Bd2 Kf8 28.Bxc3 dxc3
29.Rxc3 Rb8 30.Rc6 Ke7 31.b4  1-0